000 00627nam a2200229Ia 4500
005 20250425161010.0
008 250425s9999 xx 000 0 und d
020 _a84200055284
041 _aspa
082 _a576.163
100 _aAA, S
245 0 _aECOLOGIA MICROBIANA DE LOS ALIMENTOS
250 _a1A ED.
260 _aEspaƱa
_bACRIBIA
_c1985
260 _aZARAGOZA
300 _a989
500 _aCLASIFICACION: 576.163 EN CIBGZ-FIMCP 50394 V.1/395 V.2 PARA ING. DE ALIMENTOS.
650 _aMICROBIOLOGIA
710 _aINTERNACIONAL COMMISSION ON MICROBIOLOGICAL SPECIF
942 _c01
010 _a10266
999 _c200387
_d200387